Corruption and the destiny of Asia (Record no. 515807)

000 -LEADER
fixed length control field 00375nam a22001217a 4500
082 ## - DEWEY DECIMAL CLASSIFICATION NUMBER
Classification number TNC F5x5 Al11
100 ## - MAIN ENTRY--PERSONAL NAME
Personal name Alatas, Syed Hussein
9 (RLIN) 21821
245 ## - TITLE STATEMENT
Title Corruption and the destiny of Asia
Statement of responsibility, etc by Syed Hussein Alatas
260 ## - PUBLICATION, DISTRIBUTION, ETC. (IMPRINT)
Place of publication, distribution, etc Asia
Name of publisher, distributor, etc Simon & Schuster
Date of publication, distribution, etc 1999
300 ## - PHYSICAL DESCRIPTION
Extent 164p.
650 ## - SUBJECT ADDED ENTRY--TOPICAL TERM
Topical term or geographic name as entry element Political corruption- Asia
9 (RLIN) 21822
650 ## - SUBJECT ADDED ENTRY--TOPICAL TERM
Topical term or geographic name as entry element Political corruption- Social
9 (RLIN) 21823
Holdings
Withdrawn status Lost status Source of classification or shelving scheme Damaged status Koha normalized classification for sorting Not for loan Permanent location Current location Date acquired Full call number Barcode Date last seen Price effective from Koha item type
        TNC_F5X5_AL11   Indian Institute of Public Administration Indian Institute of Public Administration 2021-02-08 TNC F5x5 Al11 GR22392 2021-02-08 2021-02-08 GR

Powered by Koha